00882nam a2200265 i 450000500170000000800410001702000150005804000350007304100080010808200180011610000360013424500520017025000220022226400280024430000330027233600270030533700330033233800280036549000410039365000340043465000310046865000310049965100480053073000380057820220316235312.0121119s2001 ck a gr 000 0 spa d a9586146510 aCO-BoRNBPbspacCO-BoRNBPerda0 aspa04a079.861bC17p1 aCastro Caycedo, Germán,d194010aPerdido en el AmazonascGermán Castro Caycedo aTercera edición 1aBogotábPlanetac2001 a281 páginasbilustraciones atextobtxt2rdacontent asin mediaciónbn2rdamedia avolumenbnc2rdacarrier0 aBiblioteca de literatura colombiana 17aPeriodistas colombianos2LEMB17aReportajeszColombia2LEMB17aPeriodismozColombia2LEMB 4aAmazonas xDescripciones y viajeszColombia 0Amazonas-Bibliografía regional.